000
00298nam a22001217a 4500
020
_a
0-273-02856-1
082
_a
005.133-F PAG'P
100
_a
PAGE, CLIVE G
_9
65405
245
_a
THE PROFESSIONAL PROGRAMMERS GUIDE TO FORTRON 77
260
_a
LONDON
_b
PITMAN
_c
1988
300
_a
180P
942
_c
BK
999
_c
573626
_d
573626